| 000 | 01806cam a2200433 a 4500 | ||
|---|---|---|---|
| 001 | 16939669 | ||
| 003 | OSt | ||
| 005 | 20211123140927.0 | ||
| 008 | 110608s2011 ii b b 001 0 eng d | ||
| 010 | _a 2011311538 | ||
| 020 | _a9788180697357 | ||
| 020 | _a8180697355 | ||
| 025 | _aI-E-2011-311538 35-90; 49-31; 53-31 | ||
| 035 | _a(OCoLC)ocn747944798 | ||
| 035 | _a(OCoLC)747944798 | ||
| 037 | _bLibrary of Congress -- New Delhi Overseas Office | ||
| 040 |
_aDKAGE _beng _cHU _dDLC |
||
| 042 |
_alccopycat _alcode _apcc |
||
| 043 | _aa-ii--- | ||
| 050 | 0 | 0 |
_aHD1671.I52 _bS8476 2011 |
| 082 | 0 | 4 |
_a333.7313709542 YAD 2011 _222 |
| 100 | 1 |
_aYadav, Hridai Ram, _d1957- _920134 |
|
| 245 | 1 | 0 |
_aAgro-afforestation management on wastelands : _bvillage level study / _cHridai R. Yadav. |
| 260 |
_aNew Delhi : _bConcept Pub. Co., _c2011. |
||
| 300 |
_axvi, 350 p. : _b48 maps ; _c22 cm. |
||
| 504 | _aIncludes bibliographical references (p. [325]-340) and index. | ||
| 520 | _aStudy conducted in block level in Sultanpur District and at village level in Amethi block in Uttar Pradesh, India. | ||
| 650 | 0 |
_aWaste lands _zIndia _zSultānpur (District) _xManagement. _920135 |
|
| 650 | 0 |
_aWaste lands _zIndia _zAmethi _xManagement. _920136 |
|
| 650 | 0 |
_aAfforestation _zIndia _zSultānpur (District) _xManagement. _920137 |
|
| 650 | 0 |
_aAfforestation _zIndia _zAmethi _xManagement. _920138 |
|
| 650 | 0 |
_aReclamation of land _zIndia _zSultānpur (District) _xManagement. _920139 |
|
| 650 | 0 |
_aReclamation of land _zIndia _zAmethi _xManagement. _920140 |
|
| 650 | 0 |
_aForestry projects _zIndia _zSultānpur (District) _920141 |
|
| 650 | 0 |
_aForestry projects _zIndia _zAmethi. _920142 |
|
| 906 |
_a7 _bcbc _ccopycat _d3 _encip _f20 _gy-gencatlg |
||
| 942 |
_2ddc _cBOOKS _n0 |
||
| 999 |
_c19776 _d19776 |
||